Fast Math | Medium - Statistics

General Stats
  • This quiz has been taken 28 times
  • The average score is 13 of 22
Answer Stats
Hint Answer % Correct
14x2 28
100%
12x3 36
100%
16/4 4
100%
3x3 9
100%
52-37 15
96%
40+(-6) 34
96%
60/(2+10) 5
91%
102/6 17
78%
47-23 24
74%
21(4-2) 42
74%
Solve for w: 2w+2=14 6
74%
48/(48/4) 4
70%
46-|-6| 40
61%
82-(23+5) 54
52%
Solve for x: 4x-2=26 7
48%
x-12<7 19
35%
x+23>32 9
35%
92+(2-|-5|) 89
26%
129-(13[5]) 64
22%
23+(2x4[3+2]) 71
9%
61-(2x21) 17
4%
39-(23-14[2]) 11
0%
No matching quizzes found
Score Distribution
Percent of People with Each Score
Percentile by Number Answered
Your Score History
You have not taken this quiz